Stosunki Literackie Polsko-Czeskie
| Main Author: | |
|---|---|
| Format: | Book |
| Language: | Undetermined |
| PhysicalDescription: | 199 s. |
| Published: |
Wrocław
1951
|
MARC
| LEADER | 00000nam a2200000 a 4500 | ||
|---|---|---|---|
| 001 | vtls001382960 | ||
| 003 | SK-MaSNL | ||
| 005 | 20260301161421.0 | ||
| 008 | 240314s1951 xx 0 und | ||
| 035 | |a SNK000337028 | ||
| 040 | |a SNK |b slo |c SNK |e AACR2 | ||
| 100 | 1 | |a Magnuszewski, Józef, |d 1924-1994 |4 aut |9 379233 | |
| 245 | 1 | 0 | |a Stosunki Literackie Polsko-Czeskie |
| 260 | |a Wrocław |c 1951 | ||
| 300 | |a 199 s. | ||
| 999 | |c 809368 |d 811298 | ||
| 952 | |t P60, <04>, [BOOK], {604} |a SNK |b SNK |y NEVYP |7 0 |p 17A0227134 |o snkIC 14438 D1 |0 0 |1 1 |4 0 |d 2000-02-16 |l 0 |r 2005-01-02 00:00:00 |w 2026-02-24 | ||


